(The) Dutch factories in India 1617-1623 (Record no. 8522)

000 -LEADER
fixed length control field 00278nam a2200109Ia 4500
008 - FIXED-LENGTH DATA ELEMENTS--GENERAL INFORMATION
fixed length control field 201223s9999 xx 000 0 und d
100 ## - MAIN ENTRY--PERSONAL NAME
Personal name Prakash, Om
245 #0 - TITLE STATEMENT
Title (The) Dutch factories in India 1617-1623
260 ## - PUBLICATION, DISTRIBUTION, ETC.
Place of publication, distribution, etc. New Delhi
Name of publisher, distributor, etc. Munshiram Manoharlal
300 ## - PHYSICAL DESCRIPTION
Extent 312
942 ## - ADDED ENTRY ELEMENTS (KOHA)
Koha item type Books
Holdings
Withdrawn status Lost status Damaged status Not for loan Permanent Location Date acquired Date last seen Price effective from Koha item type Full call number Barcode
        IMU Kolkata 2020-12-23 2020-12-23 2020-12-23 Books    
          2020-12-23 2020-12-23 2020-12-23 Books 381.0954 P8987 PM03846
Designed and Maintained by IMU-KC Library, Kolkata Campus © Copyright All Rights Reserved

webs counters

Powered by Koha